书目信息 |
| 题名: |
线性代数
|
|
| 作者: | 杜之韩 , 刘丽 , 吴曦 编著 | |
| 分册: | ||
| 出版信息: | 成都 西南财经大学出版社 2005.02 |
|
| 页数: | 249页 | |
| 开本: | 21cm | |
| 丛书名: | ||
| 单 册: | ||
| 中图分类: | O151.2-43 | |
| 科图分类: | ||
| 主题词: | 线性代数--xian xing dai shu--高等学校--教材 | |
| 电子资源: | ||
| ISBN: | 7-81088-077-2 | |
| 000 | 00905nam0 2200277 45 | |
| 001 | 012006761984 | |
| 005 | 20060303115347.42 | |
| 010 | @a7-81088-077-2@dCNY25.00 | |
| 100 | @a20060303d2005 km y0chiy0121 ea | |
| 101 | 0 | @achi |
| 102 | @aCN@b510000 | |
| 105 | @aa z 000yy | |
| 200 | 1 | @a线性代数@AXian Xing Dai Shu@f杜之韩, 刘丽, 吴曦编著@Fdu zhi han,liu li,wu xi bian zhu |
| 205 | @a第3版 | |
| 210 | @a成都@c西南财经大学出版社@d2005.02 | |
| 215 | @a249页@c图@d21cm | |
| 300 | @a经济应用数学基础 | |
| 330 | @a本书包括:n 介行列式;矩阵;线性方程组;线性空间;矩阵的特殊值与特征向量;二次型等内容。 | |
| 333 | @a高等学校财经类专业者 | |
| 606 | 0 | @a线性代数@Axian xing dai shu@x高等学校@x教材 |
| 690 | @aO151.2-43@v4 | |
| 701 | 0 | @a杜之韩@Adu zhi han@4编著 |
| 701 | 0 | @a刘丽@Aliu li@4编著 |
| 701 | 0 | @a吴曦@Awu xi@4编著 |
| 801 | 0 | @aCN@bQSSK@c20060303 |
| 905 | @a10447@dO151.2-43@eD892 | |
| 线性代数/杜之韩, 刘丽, 吴曦编著.-第3版.-成都:西南财经大学出版社,2005.02 |
| 249页:图;21cm |
| 经济应用数学基础.-使用对象:高等学校财经类专业者 |
| ISBN 7-81088-077-2:CNY25.00 |
| 本书包括:n 介行列式;矩阵;线性方程组;线性空间;矩阵的特殊值与特征向量;二次型等内容。 |
| ● |
| 相关链接 |
|
|
|
正题名:线性代数
索取号:O151.2-43/D892
 
预约/预借
| 序号 | 登录号 | 条形码 | 馆藏地/架位号 | 状态 | 备注 |
| 1 | 553952 | 205539522 | 自科库401/401自科库 71排2列5层/ [索取号:O151.2-43/D892] | 在馆 | |
| 2 | 553953 | 205539531 | 自科库401/401自科库 71排2列5层/ [索取号:O151.2-43/D892] | 在馆 | |
| 3 | 553954 | 205539540 | 自科库401/401自科库 71排2列5层/ [索取号:O151.2-43/D892] | 在馆 |